| 000 | 00341nam a2200109Ia 4500 | ||
|---|---|---|---|
| 008 | 171204s9999 xx 000 0 und d | ||
| 245 | _aSocialization: Parent-Child Interaction in Everyday Life | ||
| 245 | _cSara Keel | ||
| 260 | _c2016 | ||
| 650 | _xSPED 4-5 Observational Child Study | ||
| 856 | _uhttp://down.ebook777.com/042/1472448022.pdf | ||
| 999 |
_c346603 _d346603 |
||